Представление документа в формате RUSMARC

ПолеНазваниеЗначение
  Тип записи a
  Библиографический уровень m
001 Контрольный номер 0bccaa8bb007485ba5ff09aa18d53038
005 Дата корректировки 20140602112126.3
010 Индекс ISBN __
a ISBN 978-5-9916-1228-9
010 Индекс ISBN __
a ISBN 978-5-9692-1158-2
101 Язык документа 0_
a Язык текста rus
102 Страна публикации __
a Страна публикации RU
200 Заглавие и сведения об ответственности 1_
a Заглавие Международное финансовое право
e Сведения, относящиеся к заглавию учеб. для вузов
f Первые сведения об ответственности Г. В. Петрова
g Последующие сведения об ответственности Всерос. гос. налог. акад. Мин-ва финансов РФ
210 Выходные данные 1_
c Издательство Издательство Юрайт
a Место издания М.
d Дата издания 2011
210 Выходные данные 1_
c Издательство ИД Юрайт
215 Физическое описание __
a Объем 457, [1] с.
225 Серия 2_
a Серия Магистр
300 Общие примечания __
a Общие примечания гриф УМО
610 Ключевые слова 0_
a Ключевые слова международное право
a Ключевые слова финансовое право
a Ключевые слова международные финансовые отношения
a Ключевые слова нормы права
a Ключевые слова источники
a Ключевые слова субъекты
a Ключевые слова объекты
a Ключевые слова валютное право
a Ключевые слова налоговое право
a Ключевые слова правовое регулирование
a Ключевые слова инвестиционное право
a Ключевые слова учебник
a Ключевые слова гриф умо
686 Индексы других классификаций __
a Классификационный индекс 67.91я73
2 Код системы rubbk
700 Автор _1
a Фамилия Петрова
b Имя Г. В.
g Полное личное имя Галина Владиславовна
711 Наименование организации. (Альтернативная ответственность) 02
a Организация/ юрисдикция Всерос. гос. налог. акад. Мин-ва финансов РФ
801 Источник записи _0
a Страна RU
b Организация РУК
c Дата составления 20110629
g Правила каталогизации PSBO
801 Источник записи _1
a Страна RU
b Организация РУК
c Дата составления 20110629
g Правила каталогизации PSBO
852 Данные о местонахождении __
j Шифр хранения ББК 67
i Авторский знак П 30
901 Тип документа __
t Тип документа m
938 Служебная информация __
a Название организации Головной вуз
b Имя БД BOOK
c Название АИБС АИБС ИРБИС
952 Тип литературы __
b Гриф литературы для ВШ гриф УМО